Croatian players in UEFA Champions League (2000-) - Statistics

General Stats
  • This quiz has been taken 66 times
  • The average score is 40 of 137
Answer Stats
Ranking Player Positions Nationality Matches Goals (assists) Periods Clubs % Correct
1 Luka Modrić MF 142 9 (20) 2010-2011, 2012-2025
100%
3 Mateo Kovačić MF 77 6 (2) 2011-2012, 2015-2017, 2019-2025
100%
2 Ivan Rakitić MF 97 10 (15) 2007-2008, 2010-2011, 2014-2024
98%
45 Niko Kovač MF 12 2 (1) 2000-2003
98%
8 Robert Kovač DF 42 0 (0) 2000-2006
98%
5 Mario Mandžukić MF, FW 60 21 (4) 2012-2019
96%
6 Ivan Perišić DF, MF, FW 52 8 (7) 2011-2012, 2018-2022, 2024-2025
92%
7 Dejan Lovren DF 43 2 (1) 2010-2011, 2014-2015, 2017-2022
90%
15 Joško Gvardiol DF 28 3 (2) 2021-2025
88%
18 Danijel Subašić GK 25 0 (0) 2014-2015, 2016-2019
85%
4 Darijo Srna DF, MF 63 4 (9) 2004-2005, 2006-2008, 2010-2015, 2017-2018
83%
9 Marcelo Brozović MF 40 1 (2) 2012-2013, 2018-2023
83%
16 Ivica Olić FW 26 10 (1) 2004-2005, 2006-2007, 2009-2012
77%
57 Ante Rebić MF, FW 9 1 (0) 2021-2023
73%
17 Domagoj Vida DF, MF 26 0 (0) 2011-2012, 2015-2017, 2021-2022
71%
36 Dominik Livaković GK 16 0 (0) 2016-2017, 2019-2020, 2022-2023
71%
10 Mario Pašalić MF, FW 35 7 (5) 2017-2018, 2019-2021, 2024-2025
71%
24 Šime Vrsaljko DF, MF 21 0 (1) 2011-2012, 2016-2019, 2021-2022
71%
74 Andrej Kramarić MF, FW 6 5 (1) 2018-2019
67%
25 Vedran Ćorluka DF 21 0 (1) 2010-2011, 2018-2021
65%
35 Josip Stanišić DF 16 0 (1) 2021-2022, 2024-2025
63%
11 Eduardo da Silva FW 31 8 (1) 2007-2013, 2015-2016
60%
32 Marko Pjaca MF, FW 16 2 (3) 2015-2016, 2024-2025
60%
44 Mislav Oršić MF, FW 12 6 (1) 2019-2020, 2022-2023
52%
115 Nikola Kalinić FW 3 0 (0) 2018-2019
50%
37 Bruno Petković MF, FW 15 4 (3) 2019-2020, 2022-2023, 2024-2025
48%
125 Borna Sosa DF, FW 1 0 (0) 2016-2017
44%
100 Duje Ćaleta-Car DF 4 0 (0) 2020-2021
44%
14 Igor Tudor DF 28 4 (0) 2000-2005
44%
54 Josip Juranović DF, MF 11 0 (0) 2022-2024
44%
136 Stipe Pletikosa GK 1 0 (0) 2006-2007
44%
22 Dado Pršo FW 21 7 (2) 2000-2001, 2003-2004, 2005-2006
42%
21 Dario Šimić DF 22 0 (0) 2002-2003, 2005-2008
42%
70 Ivo Grbić GK 7 0 (0) 2021-2023
42%
20 Luka Sučić MF, FW 22 2 (0) 2020-2024
42%
105 Petar Sucic MF 3 2 (0) 2024-2025
42%
71 Tin Jedvaj DF 7 0 (0) 2014-2015, 2016-2017
42%
26 Danijel Pranjić DF, MF 21 0 (0) 2009-2012
40%
130 Josip Šimić FW 1 0 (0) 2003-2004
40%
134 Marko Livaja MF, FW 1 0 (0) 2018-2019
40%
23 Marko Rog MF, FW 21 0 (1) 2015-2018, 2024-2025
40%
65 Niko Kranjčar MF 8 0 (0) 2010-2011, 2012-2013
40%
56 Roko Simic FW 9 1 (1) 2021-2024
40%
27 Ivan Klasnić FW 19 5 (2) 2004-2007
37%
59 Josip Šimunić DF 9 0 (0) 2011-2013
35%
75 Nikola Vlašić MF, FW 6 3 (2) 2018-2019
35%
73 Zvonimir Boban MF 7 0 (0) 2000-2001
35%
106 Alen Halilović MF, FW 3 0 (0) 2012-2013
33%
132 Lovro Majer MF, FW 1 0 (0) 2019-2020
33%
41 Martin Baturina MF, FW 13 2 (1) 2022-2023, 2024-2025
33%
123 Roko Baturina FW 2 0 (0) 2020-2021
33%
78 Borna Barišić DF 6 0 (0) 2022-2023
29%
28 Luka Ivanušec MF, FW 19 1 (1) 2019-2020, 2022-2025
29%
87 Marin Pongračić DF 6 0 (0) 2019-2020, 2021-2022
27%
43 Nikola Moro MF 13 0 (0) 2016-2017, 2019-2020, 2024-2025
27%
64 Kristijan Jakić DF, MF 8 0 (0) 2022-2023
23%
77 Milan Badelj MF 6 0 (1) 2011-2012
23%
58 Ante Ćorić MF 9 0 (0) 2015-2016, 2018-2019
21%
99 Domagoj Bradarić DF 4 0 (0) 2019-2020, 2021-2022
21%
69 Ivan Leko MF 7 0 (0) 2005-2006
21%
92 Ivan Nevistić GK 5 0 (0) 2024-2025
21%
29 Jerko Leko MF 19 0 (2) 2002-2004, 2011-2012
21%
82 Josip Šutalo DF 6 0 (0) 2022-2023
21%
12 Jurica Vranješ MF 31 0 (2) 2000-2003, 2005-2009
21%
133 Mario Musa DF, MF 1 0 (0) 2015-2016
21%
52 Petar Musa FW 11 2 (0) 2022-2024
21%
117 Robert Jarni DF, FW 3 0 (0) 2001-2002
21%
48 Dino Perić DF 12 0 (0) 2016-2017, 2019-2020, 2022-2023
19%
46 Josip Mišić MF, FW 12 0 (1) 2022-2023, 2024-2025
19%
135 Martin Erlic DF 1 0 (0) 2024-2025
19%
30 Ognjen Vukojević MF 17 0 (1) 2008-2009, 2012-2013
19%
66 Sandro Kulenović FW 7 3 (0) 2024-2025
19%
62 Zvonimir Soldo DF, MF 8 1 (0) 2003-2004
19%
91 Gordon Schildenfeld DF 5 0 (0) 2016-2017
17%
34 Igor Bišćan DF, MF 16 0 (2) 2001-2002, 2004-2006
17%
85 Luka Stojkovic MF, FW 6 0 (0) 2024-2025
17%
31 Marko Babić DF, MF 16 6 (2) 2001-2002, 2004-2005
17%
13 Boris Živković DF 30 1 (2) 2000-2004
15%
53 Dario Špikić DF, MF, FW 11 1 (0) 2022-2023, 2024-2025
15%
61 Silvio Marić MF 9 0 (0) 2003-2005
15%
19 Goran Vlaović FW 22 2 (3) 2000-2001, 2003-2004
13%
110 Hrvoje Smolčić DF 3 0 (0) 2022-2023
13%
88 Milan Rapaić MF, FW 6 0 (0) 2001-2002
13%
72 Tomislav Butina GK 7 0 (0) 2003-2004, 2005-2006
13%
97 Boško Balaban FW 4 2 (1) 2005-2006
12%
38 Daniel Šarić DF, MF 15 0 (1) 2000-2002
12%
109 Danijel Zagorac GK 3 0 (0) 2024-2025
12%
81 Ivan Runje DF 6 0 (0) 2012-2013
12%
33 Josip Pivarić DF 16 1 (1) 2012-2013, 2015-2017
12%
104 Nikola Pokrivač MF 4 0 (0) 2011-2012
12%
50 Sammir MF, FW 12 0 (0) 2011-2013
12%
96 Vedran Runje GK 5 0 (0) 2003-2004
12%
120 Bartol Franjić DF, MF 2 0 (0) 2024-2025
10%
80 Duje Čop FW 6 0 (0) 2012-2013
10%
113 Marko Bulat MF, FW 3 0 (0) 2022-2023
10%
95 Stjepan Tomas DF 5 0 (0) 2006-2007
10%
42 Ante Rukavina FW 13 0 (0) 2008-2009, 2011-2013
8%
98 Anthony Šerić DF 4 0 (0) 2005-2006
8%
47 Antonio Čolak FW 12 0 (0) 2021-2023
8%
124 Antonio Marin FW 1 0 (0) 2022-2023
8%
68 Filip Benković DF, FW 7 0 (0) 2015-2017
8%
49 Ivan Kelava GK 12 0 (0) 2011-2013
8%
93 Ivica Križanac DF 5 0 (0) 2008-2009
8%
83 Jozo Šimunović DF 6 0 (0) 2016-2018
8%
86 Lukas Kačavenda MF, FW 6 0 (0) 2024-2025
8%
67 Marko Tolić MF, FW 7 1 (1) 2024-2025
8%
103 Matej Mitrović DF 4 0 (0) 2017-2020
8%
119 Adrian Šemper GK 2 0 (0) 2016-2017
6%
108 Bojan Knežević MF 3 0 (0) 2016-2017
6%
127 Dario Knežević DF 1 0 (0) 2008-2009
6%
63 Domagoj Antolić MF 8 0 (0) 2015-2017
6%
90 Ivan Tomečak DF, MF 5 1 (0) 2011-2012
6%
51 Ivica Mornar MF, FW 11 2 (0) 2001-2002, 2003-2004
6%
102 Joey Didulica GK 4 0 (0) 2002-2003
6%
55 Marin Leovac DF, MF 9 1 (1) 2013-2014, 2019-2020
6%
39 Mario Galinović GK 15 0 (0) 2004-2005, 2008-2009
6%
116 Petar Bočkaj DF, MF, FW 3 0 (0) 2022-2023
6%
40 Goran Sablić DF 14 0 (0) 2002-2004, 2006-2007
4%
122 Kristijan Bistrović MF 2 0 (0) 2018-2019
4%
131 Leon Jakirovic DF 1 0 (0) 2024-2025
4%
60 Mario Šitum DF, MF, FW 9 0 (0) 2011-2012, 2016-2017, 2019-2020
4%
137 Tomo Šokota FW 1 0 (0) 2005-2006
4%
126 Branko Pavić MF 1 0 (0) 2024-2025
2%
101 Ivan Fiolić MF, FW 4 0 (0) 2016-2017
2%
111 Karlo Letica GK 3 0 (0) 2018-2019
2%
84 Lovro Zvonarek MF, FW 6 0 (0) 2024-2025
2%
112 Mario Tičinović DF, MF 3 0 (0) 2012-2013
2%
76 Nenad Pralija MF 6 1 (0) 2002-2003
2%
94 Neven Đurasek MF 5 0 (0) 2022-2023
2%
107 Ante Puljić DF 3 0 (0) 2012-2013
0%
121 Dario Vujičević MF 2 0 (0) 2010-2011
0%
128 Dejan Radonjić FW 1 0 (0) 2015-2016
0%
79 Domagoj Pavičić MF, FW 6 0 (0) 2015-2017
0%
129 Goran Rubil DF, MF 1 0 (0) 2001-2002
0%
114 Marko Đira MF, FW 3 0 (0) 2019-2020
0%
89 Saša Bjelanović FW 6 0 (0) 2010-2011, 2012-2013
0%
118 Srđan Andrić DF, MF 3 0 (0) 2004-2006
0%
No matching quizzes found
Score Distribution
Percent of People with Each Score
Percentile by Number Answered
Your Score History
You have not taken this quiz